A gyermekkori spinalis astrocytomákról B. B. esete kapcsán
Elmentve itt :
| Szerző: | |
|---|---|
| Dokumentumtípus: | Könyv része |
| Megjelent: |
2004
|
| Sorozat: | Tiszaparti esték
5 Tiszaparti esték : gyermekgyógyászati továbbképző előadások 2003-2004 5 |
| Kulcsszavak: | Rákbetegség, Gyermekgyógyászat |
| Tárgyszavak: | |
| Online Access: | http://acta.bibl.u-szeged.hu/18809 |
| LEADER | 00800naa a2200217 i 4500 | ||
|---|---|---|---|
| 001 | acta18809 | ||
| 005 | 20220311111707.0 | ||
| 008 | 161015s2004 hu o 0|| hun d | ||
| 022 | |a 1588-3515 | ||
| 040 | |a SZTE Egyetemi Kiadványok Repozitórium |b hun | ||
| 041 | |a hun | ||
| 100 | 1 | |a Kuncz Ádám | |
| 245 | 1 | 2 | |a A gyermekkori spinalis astrocytomákról B. B. esete kapcsán |h [elektronikus dokumentum] / |c Kuncz Ádám |
| 260 | |c 2004 | ||
| 300 | |a 89-90 | ||
| 490 | 0 | |a Tiszaparti esték |v 5 | |
| 490 | 0 | |a Tiszaparti esték : gyermekgyógyászati továbbképző előadások 2003-2004 |v 5 | |
| 650 | 4 | |a Orvos- és egészségtudomány | |
| 650 | 4 | |a Klinikai orvostan | |
| 695 | |a Rákbetegség, Gyermekgyógyászat | ||
| 856 | 4 | 0 | |u http://acta.bibl.u-szeged.hu/18809/1/tiszaparti_2003_089-090.pdf |z Dokumentum-elérés |